LEADER 03202nam 2200637Ia 450 001 9910457890603321 005 20200520144314.0 010 $a1-118-11587-2 010 $a1-283-27378-0 010 $a9786613273789 010 $a1-118-11585-6 035 $a(CKB)2550000000054374 035 $a(EBL)693618 035 $a(OCoLC)811493734 035 $a(SSID)ssj0000554791 035 $a(PQKBManifestationID)11336512 035 $a(PQKBTitleCode)TC0000554791 035 $a(PQKBWorkID)10518423 035 $a(PQKB)10801858 035 $a(MiAaPQ)EBC693618 035 $a(Au-PeEL)EBL693618 035 $a(CaPaEBR)ebr10501396 035 $a(CaONFJC)MIL327378 035 $a(EXLCZ)992550000000054374 100 $a20110606d2012 uy 0 101 0 $aeng 135 $aur|n|---||||| 181 $ctxt 182 $cc 183 $acr 200 10$aGetting smart$b[electronic resource] $ehow digital learning is changing the world /$fTom Vander Ark ; foreword by Bob Wise 205 $a1st ed. 210 $aSan Francisco, CA $cJossey-Bass$dc2012 215 $a1 online resource (241 p.) 300 $aDescription based upon print version of record. 311 $a1-118-00723-9 320 $aIncludes bibliographical references and index. 327 $aGetting Smart: How Digital Learning Is Changing The World; Contents; Foreword by Governor Bob Wise; Preface: Why This Book Now?; Acknowledgments; About the Author; 1: How Personal Digital Learning Will Make Us Smart; 2: American Education: New Students in an Old System; 3: Customization: Building the Right Playlist for Each Student; 4: Motivation: Getting Everyone in the Learning Game; 5: Equalization: Connecting All Students to Excellence; 6: Integration: Putting It All Together to Make Schools Smarter; 7: Innovation: Policies That Will Make It Happen; 8: Investment: Paying for Innovation 327 $a9: Employment: Changing Our Job DescriptionsConclusion: Getting Smart; Appendix: Getting Smart Toolkit; Questions and Answers; Notes; Index 330 $aA comprehensive look at the promise and potential of online learning In our digital age, students have dramatically new learning needs and must be prepared for the idea economy of the future. In Getting Smart, well-known global education expert Tom Vander Ark examines the facets of educational innovation in the United States and abroad. Vander Ark makes a convincing case for a blend of online and onsite learning, shares inspiring stories of schools and programs that effectively offer ""personal digital learning"" opportunities, and discusses what we need to do to remake our sch 606 $aBlended learning$zUnited States 606 $aComputer-assisted instruction$zUnited States 606 $aInternet in education$zUnited States 608 $aElectronic books. 615 0$aBlended learning 615 0$aComputer-assisted instruction 615 0$aInternet in education 676 $a371.33/40973 700 $aVander Ark$b Tom$f1959-$0945234 801 0$bMiAaPQ 801 1$bMiAaPQ 801 2$bMiAaPQ 906 $aBOOK 912 $a9910457890603321 996 $aGetting smart$92133885 997 $aUNINA LEADER 02622oam 2200589I 450 001 9910452517003321 005 20200520144314.0 010 $a1-315-03517-0 010 $a1-135-17626-4 024 7 $a10.4324/9781315035178 035 $a(CKB)2550000001117461 035 $a(EBL)1395316 035 $a(OCoLC)870590402 035 $a(SSID)ssj0001167950 035 $a(PQKBManifestationID)11685507 035 $a(PQKBTitleCode)TC0001167950 035 $a(PQKBWorkID)11131040 035 $a(PQKB)11129472 035 $a(MiAaPQ)EBC1395316 035 $a(Au-PeEL)EBL1395316 035 $a(CaPaEBR)ebr10764206 035 $a(CaONFJC)MIL517899 035 $a(OCoLC)900482555 035 $a(EXLCZ)992550000001117461 100 $a20180331d1986 uy 0 101 0 $aeng 135 $aur|n|---||||| 181 $ctxt 182 $cc 183 $acr 200 00$aService industries in developing countries /$fedited by Erdener Kaynak 210 1$aLondon :$cRoutledge,$d1986. 215 $a1 online resource (125 p.) 300 $aDescription based upon print version of record. 311 $a0-7146-3291-0 311 $a1-299-86648-4 320 $aIncludes bibliographical references. 327 $aCover ; Service Industries in Developing Countries; Title Page ; Copyright Page ; Table of Contents ; Notes on Contributors; Editorial; Service Industries in Developing Countries: A Conceptual Framework and Analytical Insights; Marketing Research for Services in Developing Countries: The Use of Unidimensional and Multidimensional Scaling; The Financial Markets Approach to Economic Development in LDCs; Tourism Marketing in a Developing Economy: Frequent and Infrequent Visitors Contrasted; Government as a Service Industry: A Grenadian Case Example 327 $aInternational Business Negotiations: A Turn-key ProjectNew Delivery Technologies and the Globalisation of the Television Programming Industry: The Marketing of Indian Films and Television Programmes in Canada; Temporal and Regional Differences in Image of a Tourist Destination: Implications for Holiday Promoters 330 $aFirst Published in 2004. Routledge is an imprint of Taylor & Francis, an informa company. 606 $aService industries$zDeveloping countries 608 $aElectronic books. 615 0$aService industries 676 $a338.4/6/091724 701 $aKaynak$b Erdener$0109409 801 0$bMiAaPQ 801 1$bMiAaPQ 801 2$bMiAaPQ 906 $aBOOK 912 $a9910452517003321 996 $aService industries in developing countries$91982459 997 $aUNINA